Voľba metódy odpisovania a stanovenie životnosti dlhodobého hmotného majetku v účtovníctve podnikateľských subjektov bakalárska práca

Salvato in:
Dettagli Bibliografici
Autore principale: Ďuržová, Zuzana
Ente Autore: Fakulta hospodárskej informatiky EU. Katedra účtovníctva a audítorstva
Altri autori: Krišková, Zuzana, Rybka, Lukáš
Natura: Libro
Lingua:slovacco
Pubblicazione: Bratislava 2012
Tags: Aggiungi Tag
Nessun Tag, puoi essere il primo ad aggiungerne!!

MARC

LEADER 00000nbm a2200000 4500
001 0156132
005 20161109111939.9
041 0 |a slo 
044 |a SK 
245 1 0 |a Voľba metódy odpisovania a stanovenie životnosti dlhodobého hmotného majetku v účtovníctve podnikateľských subjektov  |b bakalárska práca  |c Zuzana Ďuržová ; školiteľ: Zuzana Krišková, Lukáš Rybka 
264 1 |a Bratislava  |c 2012 
300 |a 43 s. 
100 1 |a Ďuržová, Zuzana 
700 1 |a Krišková, Zuzana 
700 1 |a Rybka, Lukáš 
710 2 |a Fakulta hospodárskej informatiky EU. Katedra účtovníctva a audítorstva